Shapes of Countries that Border Germany - Statistics

General Stats
  • This quiz has been taken 75 times
  • The average score is 9 of 9
Answer Stats
Picture Answer % Correct
Austria
99%
France
99%
Netherlands
99%
Denmark
97%
Luxembourg
97%
Poland
96%
Czech Republic
94%
Switzerland
94%
Belgium
89%
No matching quizzes found
Score Distribution
Percent of People with Each Score
Percentile by Number Answered
Your Score History
You have not taken this quiz